Navajo silver; (Record no. 459)
[ view plain ]
| 000 -LEADER | |
|---|---|
| fixed length control field | 00871cam a2200265 4500 |
| 005 - DATE AND TIME OF LATEST TRANSACTION | |
| control field | 20260322212020.0 |
| 008 - FIXED-LENGTH DATA ELEMENTS--GENERAL INFORMATION | |
| fixed length control field | data |
| 010 ## - LIBRARY OF CONGRESS CONTROL NUMBER | |
| LC control number | 74174997 |
| 020 ## - INTERNATIONAL STANDARD BOOK NUMBER | |
| International Standard Book Number | 0873580885 |
| 020 ## - INTERNATIONAL STANDARD BOOK NUMBER | |
| International Standard Book Number | 9780873580885 |
| 040 ## - CATALOGING SOURCE | |
| Original cataloging agency | DLC |
| Transcribing agency | DLC |
| Modifying agency | DLC |
| 043 ## - GEOGRAPHIC AREA CODE | |
| Geographic area code | n-us-nm |
| -- | n-us-nm |
| 050 00 - LIBRARY OF CONGRESS CALL NUMBER | |
| Classification number | E99.N3 |
| Item number | W75 1971 |
| -- | PIMC |
| 082 00 - DEWEY DECIMAL CLASSIFICATION NUMBER | |
| Classification number | 739.2/3 |
| 092 ## - LOCALLY ASSIGNED DEWEY CALL NUMBER (OCLC) | |
| Classification number | 739.2 W75 1971 |
| 001 - CONTROL NUMBER | |
| control field | data |
| 100 1# - MAIN ENTRY--PERSONAL NAME | |
| Personal name | Woodward, Arthur, |
| Dates associated with a name | 1898- |
| 240 10 - UNIFORM TITLE | |
| Uniform title | Brief history of Navajo silversmithing |
| 245 10 - TITLE STATEMENT | |
| Title | Navajo silver; |
| Remainder of title | a brief history of Navajo silversmithing. |
| Statement of responsibility, etc. | Arthur Woodward. |
| 260 ## - PUBLICATION, DISTRIBUTION, ETC. | |
| Place of publication, distribution, etc. | Flagstaff [Ariz.] |
| Name of publisher, distributor, etc. | Northland Press |
| Date of publication, distribution, etc. | [c1971] |
| 300 ## - PHYSICAL DESCRIPTION | |
| Extent | xii, 103 p. |
| Other physical details | illus. |
| Dimensions | 24 cm. |
| 500 ## - GENERAL NOTE | |
| General note | Originally published in 1938 as Museum of Northern Arizona Bulletin no. 14 under title: A brief history of Navajo silversmithing. |
| 504 ## - BIBLIOGRAPHY, ETC. NOTE | |
| Bibliography, etc. note | Bibliography: p. 91-100. |
| 650 #0 - SUBJECT ADDED ENTRY--TOPICAL TERM | |
| Topical term or geographic name entry element | Navajo silverwork. |
| Withdrawn status | Lost status | Damaged status | Not for loan | Home library | Current library | Shelving location | Date acquired | Total checkouts | Full call number | Barcode | Date last seen | Price effective from | Koha item type |
|---|---|---|---|---|---|---|---|---|---|---|---|---|---|
| Franklin | Franklin | General stacks | 22/03/2026 | 739.2/3 | BC0010470 | 22/03/2026 | 22/03/2026 | Books |